Global Language Vocabulary- G - Statistics

General Stats
  • This quiz has been taken 135 times
  • The average score is 3 of 12
Answer Stats
Language Answer % Correct
English Girl
98%
Spanish Niña
77%
French Fille
62%
Italian Ragazza
30%
Hindi लड़की, ladakee
8%
Ukrainian дівчина, divchyna
6%
Afrikaans Meisie
6%
Slovak Dievča
5%
Korean 소녀, sonyeo
5%
Indonesian Gadis
4%
Icelandic Stelpa
4%
Bengali মেয়ে, mēẏē
3%
No matching quizzes found
Score Distribution
Percent of People with Each Score
Percentile by Number Answered
Your Score History
You have not taken this quiz